00447 2200169 4500001002100000005001700021008004100038020001800079035002500097041000700122082000800129090001400137100001700151245005100168260004600219650001200265INLIS0000000000044090:yyyyMMddHHmmss180719||||||||| | ||| |||| || |  a979-678-457-2 a0010-031300000004409 aid0 a500 a500 PUR p0 apurbowinanto00aPelajaran biologi untuk SMU kelas 3 semester 2 aBandungbPT SARANA PANCA KARYA NUSAc2003 0abiologi